Watford FC Squad 2016-2017 - Statistics

General Stats
  • This quiz has been taken 10 times
  • The average score is 19 of 32
Answer Stats
# Position Nation Player % Correct
6 DF Jamaica Adrian Mariappa
100%
29 MF France Étienne Capoue
100%
1 GK Brazil Heurelho Gomes
100%
11 MF Switzerland Valon Behrami
100%
4 DF France Younès Kaboul
100%
9 FW England Troy Deeney
88%
27 DF Belgium Christian Kabasele
75%
30 GK Romania Costel Pantilimon
75%
25 DF Greece José Holebas
75%
3 DF Uruguay Miguel Britos
75%
7 FW Morocco Nordin Amrabat
75%
37 MF Argentina Roberto Pereyra
75%
5 DF Austria Sebastian Prödl
75%
8 MF England Tom Cleverley
75%
- Coach Italy Walter Mazzarri
75%
15 DF Northern Ireland Craig Cathcart
63%
10 FW Nigeria Isaac Success
63%
24 FW Nigeria Odion Ighalo
63%
16 MF Mali Abdoulaye Doucouré
50%
20 FW Argentina Mauro Zárate
50%
21 FW Senegal M'Baye Niang
50%
33 FW Italy Stefano Okaka
50%
34 GK Lithuania Giedrius Arlauskis
38%
26 DF Ivory Coast Brice Dja Djédjé
25%
22 DF Netherlands Daryl Janmaat
25%
14 MF Ecuador Juan Carlos Paredes
25%
12 DF Brazil Kenedy
25%
13 GK Ireland Rene Gilmartin
25%
17 MF Algeria Adlène Guédioura
13%
23 MF England Ben Watson
13%
18 MF Colombia Camilo Zúñiga
13%
19 FW England Jerome Sinclair
0%
No matching quizzes found
Score Distribution
Percent of People with Each Score
Percentile by Number Answered
Your Score History
You have not taken this quiz